| 000 | 00895cam a2200169ua 4500 | ||
|---|---|---|---|
| 020 | _c1.90 | ||
| 041 |
_aeng _h |
||
| 082 |
_a613.06 _bWHO/FO |
||
| 110 | 1 |
_aWHO . _b _c(Geneva ) |
|
| 245 |
_aFood hygiene / _cWHO. _hTextual Documents |
||
| 260 |
_aGeneva : _bWorld Health Organisation , _c1956. |
||
| 300 | _a28 ; . | ||
| 365 | _a1.90 | ||
| 504 | _a | ||
| 942 | _cBK | ||
| 999 |
_c5725 _d5725 |
||